000 00560cam a22001933a 4500
001 45039
003 PGUSA
005 20140828084029.0
008 140228s2014||||xxu|||||s|||||000 | eng d
040 _aPGUSA
_beng
042 _adc
245 1 0 _aPunch or the London Charivari, Vol. 109, September 28, 1895
_h[electronic resource] /
_cVarious
260 _bProject Gutenberg,
_c2014
506 _aPublic domain in the USA.
516 _aElectronic text
830 0 _aProject Gutenberg
_v45039
856 4 0 _uhttp://www.gutenberg.org/ebooks/45039
942 _cEB
999 _c274290
_d274290